Stenografická správa o 22. schôdzi Národnej rady Slovenskej republiky konanej 22., 23., 24., 28., 29., 30. septembra, 1., 5., 6., 7. a 8. októbra 1993 10. volebné obdobie
Saved in:
| Format: | Book |
|---|---|
| Language: | Slovak |
| Published: |
Bratislava
Národná rada SR
1993
|
| Edition: | 1. vyd. |
| Subjects: | |
| Tags: |
No Tags, Be the first to tag this record!
|
MARC
| LEADER | 00000nam a2200000 4500 | ||
|---|---|---|---|
| 001 | c012807 | ||
| 005 | 20221214083752.1 | ||
| 041 | 0 | |a slo | |
| 044 | |a SK | ||
| 245 | 1 | 0 | |a Stenografická správa o 22. schôdzi Národnej rady Slovenskej republiky konanej 22., 23., 24., 28., 29., 30. septembra, 1., 5., 6., 7. a 8. októbra 1993 |b 10. volebné obdobie |
| 250 | |a 1. vyd. | ||
| 264 | 1 | |a Bratislava |b Národná rada SR |c 1993 | |
| 300 | |a 260 s. | ||
| 610 | 2 | 0 | |a parlamenty |
| 610 | 2 | 0 | |a Slovensko |
| 610 | 2 | 0 | |a september |
| 610 | 2 | 0 | |a október |
| 610 | 2 | 0 | |a 1993 |
| 610 | 2 | 0 | |a dokumenty |
| 610 | 2 | 0 | |a schôdze |
| 610 | 2 | 0 | |a NR SR Bratislava |
| 610 | 2 | 0 | |a televízia |